[Event "Troya op 26th"]
[Site "Canakkale"]
[Date "2018.08.08"]
[Round "5"]
[White "Ileri, Oktay"]
[Black "Mermer, Yunus"]
[Result "1-0"]
[WhiteElo "1697"]
[BlackElo "1597"]
[PlyCount "133"]
[EventDate "2018.08.06"]
[EventType "swiss"]
[EventRounds "9"]
[EventCountry "TUR"]
[SourceTitle "EXT 2019"]
[Source "ChessBase"]
[SourceDate "2018.10.10"]
[SourceVersion "1"]
[SourceVersionDate "2018.10.10"]
[SourceQuality "1"]

1. d4 d5 2. c4 c6 3. Nf3 Nf6 4. Qc2 g6 5. g3 Bg7 6. Bg2 0-0 7. Nbd2 Nbd7 8. b3 dxc4 9. Nxc4 Nb6 10. Bb2 Bf5 11. Qc1 Be4 12. 0-0 Rc8 13. Rd1 Nbd5 14. Nfe5 Bxg2 15. Kxg2 Nd7 16. e4 N5b6 17. Nf3 Nxc4 18. Qxc4 Nb6 19. Qe2 Qd6 20. a4 Rfe8 21. Ba3 Qb8 22. a5 Nd7 23. e5 Nf8 24. Ng5 h6 25. Ne4 Ne6 26. Rac1 Rcd8 27. Qc4 Rd5 28. Bc5 Nxc5 29. Nxc5 Qc7 30. a6 b6 31. Nd3 Red8 32. Nb4 R5d7 33. Qxc6 Bxe5 34. Qf3 Qd6 35. Nc6 Bf6 36. Nxd8 Rxd8 37. Rc6 Qd7 38. d5 Be5 39. Qe3 Bg7 40. Qc1 Qf5 41. Rc7 Qe4+ 42. Kg1 Bd4 43. Rxa7 Rxd5 44. Rf1 Rf5 45. Qd2 Qd5 46. Rxe7 Kf8 47. Re2 Kg7 48. a7 b5 49. a8Q Qxa8 50. Qxd4+ Rf6 51. Rc2 Qf3 52. Rc3 Qf5 53. Rc6 h5 54. Qxf6+ Qxf6 55. Rxf6 Kxf6 56. Rc1 g5 57. Rc5 h4 58. Rxb5 h3 59. Rc5 g4 60. b4 Ke6 61. b5 f5 62. b6 f4 63. b7 f3 64. b8Q Kf6 65. Qb6+ Kg7 66. Rc7+ Kh8 67. Qb8# 1-0

[Event "Kemer Turkey Cup"]
[Site "Kemer"]
[Date "2014.02.08"]
[Round "9"]
[White "Saygili, Muhammet Sedat"]
[Black "Ileri, Oktay"]
[Result "1-0"]
[WhiteElo "1926"]
[BlackElo "1646"]
[PlyCount "163"]
[EventDate "2014.02.01"]
[EventType "swiss"]
[EventRounds "9"]
[EventCountry "TUR"]
[SourceTitle "EXT 2015"]
[Source "ChessBase"]
[SourceDate "2014.11.20"]
[SourceVersion "1"]
[SourceVersionDate "2014.11.20"]
[SourceQuality "1"]

1. e4 g6 2. d4 Bg7 3. c4 c5 4. d5 d6 5. Nc3 Bxc3+ 6. bxc3 Qa5 7. Bd2 Nf6 8. Bd3 Nbd7 9. f3 Ne5 10. Be2 Rb8 11. h3 Ned7 12. Bd3 Ne5 13. Be2 Ned7 14. Qb3 Nb6 15. Qb5+ Qxb5 16. cxb5 0-0 17. a4 e6 18. c4 e5 19. g4 Kg7 20. Bd3 h5 21. Ne2 Rh8 22. g5 Nh7 23. f4 Nd7 24. f5 Rf8 25. f6+ Kg8 26. Ng1 Re8 27. Nf3 Kh8 28. Ba5 b6 29. Bd2 Ra8 30. a5 Bb7 31. Ke2 Kg8 32. Rhb1 Kf8 33. Kd1 Rec8 34. a6 Rc7 35. axb7 Rxb7 36. Ra3 Ke8 37. Rba1 Kd8 38. Bf1 Kc7 39. h4 Kb8 40. Bc3 Kc7 41. Bh3 Nhf8 42. Ke2 Kb8 43. Nh2 Rc7 44. Nf1 Rc8 45. Ng3 Re8 46. Bg2 Nh7 47. Bf3 Rh8 48. Rh1 Nhf8 49. Ke3 Kc7 50. Rc1 Kb8 51. Ra6 Kb7 52. Bg2 Nb8 53. Ra2 Nbd7 54. Bh3 Rh7 55. Bd2 Rh8 56. Rf1 Rg8 57. Bc3 Kc7 58. Rfa1 Kb7 59. Nf1 Rh8 60. Kd3 Rg8 61. Nd2 Nb8 62. Nb3 Nfd7 63. Ba5 Rd8 64. Bc3 Re8 65. Ba5 Rd8 66. Bc3 Re8 67. Nd2 Rd8 68. Be6 Rf8 69. Nf3 a5 70. bxa6+ Ka7 71. Nd2 fxe6 72. dxe6 Nxf6 73. gxf6 Rxf6 74. e7 Re6 75. Rg1 Nxa6 76. Nf1 Kb7 77. Rag2 Rxe7 78. Rxg6 Kc6 79. Ne3 Raa7 80. Nf5 Nb4+ 81. Bxb4 cxb4 82. Nxe7+ 1-0